Sports Quiz

Random Sports or Rugby Quiz

Heineken Cup Champions Quiz Stats

Quiz not verified by Sporcle

Challenge
Share
Tweet
Embed
Score 0/10 Timer 10:00
0 Plays Today
Number of wins Team % Correct
2Leicester Tigers
100%
4RC Toulouse
96.8%
3Leinster Rugby
93.5%
2Munster Rugby
93.5%
2RC Toulon
90.3%
1Ulster Rugby
87.1%
2London Wasps
83.9%
1Northampton Saints
83.9%
1Bath Rugby
77.4%
1CA Brive
64.5%

You're not logged in!

Compare scores with friends on all Sporcle quizzes.
Sign Up with Email
OR
Log In

You Might Also Like...

Show Comments

Extras

Top Quizzes Today


Score Distribution

Your Account Isn't Verified!

In order to create a playlist on Sporcle, you need to verify the email address you used during registration. Go to your Sporcle Settings to finish the process.